000
00233nam a22000977a 4500
100
_a
Khanna,Laxmi
_9
79773
245
_a
Tiny Tots in Forest
260
_a
Bijonor
_b
Tulika Prakashan
_c
2015
650
_a
Children Book
_9
79774
942
_c
BK
999
_c
63369
_d
63369